| 000 | nam a22 7a 4500 | ||
|---|---|---|---|
| 999 |
_c128782 _d128782 |
||
| 008 | 190121b xxu||||| |||| 00| 0 eng d | ||
| 050 | _aSPC. CC65.M3 | ||
| 100 |
_aCeram, C.W. _944032 |
||
| 245 |
_aA picture history of Archaelogy _b310 illustrations in photogravure 16 plates in full colour _cC.W. Ceram |
||
| 260 |
_aLondon _bThames and Hudson _c1957 |
||
| 300 |
_a360p. ; _c23cm. |
||
| 650 |
_aArchaeology _xHistory _936192 |
||
| 942 |
_2lcc _cMONOGRAPH |
||